Salvador Dalí. La obra pictórica 1904-1989

Saved in:
Bibliografiske detaljer
Hovedforfatter: Descharnes, Robert (autor)
Andre forfattere: Néret, Gilles (autor)
Format: Ukendt
Sprog:engelsk
Udgivet: Colonia, Alemania: Taschen, 2019
Fag:
Tags: Tilføj Tag
Ingen Tags, Vær først til at tagge denne postø!

MARC

LEADER 00000 a2200000 4500
003 CL-VaPUC
005 20220804172047.0
008 220412b2019 ||||| |||| 00| 0 eng d
999 |c 435370  |d 435368 
020 |a 978-3-8365-7661-1 
040 |c Pontificia Universidad Católica de Valparaíso 
082 7 |a 759.46 DES 2019  |2 22 
100 1 |a Descharnes, Robert  |9 303769  |e autor 
245 1 |a Salvador Dalí.   |b La obra pictórica 1904-1989 
260 |a Colonia, Alemania:  |b Taschen,  |c 2019 
300 |a 751 páginas; ilustraciones 
583 |k Catalogador Asistente  |c 20220412 
600 |a Dalí, Salvador,  |d 1904-1989  |9 874841 
650 0 |a Pintores españoles  |9 315216 
650 0 |a Surrealismo  |9 265502 
654 |z España 
700 |a Néret, Gilles  |e autor  |9 450026 
942 |2 ddc  |c BK 
952 |0 0  |1 0  |2 ddc  |4 0  |6 759_460000000000000_DES_2019  |7 0  |8 R  |9 582567  |a BIBART  |b BIBART  |c RES  |d 2022-04-12  |e 11  |g 53699.94  |i 5650750  |l 4  |o 759.46 DES 2019  |p 5650750  |r 2023-01-11  |s 2022-10-24  |t 1  |v 53699.94  |w 2022-04-12  |y BK_R  |k ART